000 00449nam a22001577a 4500
005 20251110112627.0
008 251110b |||||||| |||| 00| 0 eng d
022 _a979-8-88715-064-2
100 _aBERRY, PHILIP
245 _aFOOD PACKAGING TECHNOLOGY
260 _aDUBLIN
_bORYSON PRESS
_c2023
300 _aVI, 268P.
500 _aINCLUDES INDEX
650 _a1. FOOD- PACKAGING 2. FOOD-MICROBIOLOGY 3. FOOD QUALITY CONTROL
942 _2lcc
_cBK
999 _c216152
_d216152